| 000 | 00733nam a22002297a 4500 | ||
|---|---|---|---|
| 999 |
_c5711 _d5711 |
||
| 003 | AR-CdUCM | ||
| 008 | 190313b ||||| |||| 00| 0 spa d | ||
| 040 |
_aMUNICIPALIDAD PROVINCIAL DEL CUSCO _cBIBLIOTECA MUNICIPAL DEL CUSCO |
||
| 082 |
_a869.15 / _bM269 |
||
| 100 |
_aMancisidor, José _917012 |
||
| 245 |
_aMaximo Gorki : _bSu filosofía y su religión / |
||
| 260 |
_aMexico _bInstituto de intercambio cultural mexicano ruso _c1956 |
||
| 300 |
_a42 páginas; _c18 cm. |
||
| 440 |
_aColección cultura _n5 _917013 |
||
| 500 | _aDonación familia Nieto | ||
| 505 | _aContenido: Literatura. | ||
| 650 |
_aBiografia _9437 |
||
| 650 |
_aReligión _91195 |
||
| 650 |
_aFilosofía _9395 |
||
| 942 |
_2ddc _cLIBROS |
||
| 945 | _aJavier | ||